Countries Entirely Between 30° and 40° North - Statistics

General Stats
  • This quiz has been taken 194 times
  • The average score is 4 of 6
Answer Stats
Country % Correct
Cyprus
79%
Malta
78%
Lebanon
70%
Syria
60%
Tunisia
48%
South Korea
39%
No matching quizzes found
Score Distribution
Percent of People with Each Score
Percentile by Number Answered
Your Score History
You have not taken this quiz